Thesaurus Rex

Bibliographic Details
Main Author: Steinberg, Laya
Other Authors: Harter, Debbie
Format: Book
Published: Massachusetts : Barefoot Books , 2003
Subjects:

MARC

LEADER 00000cam a2200000 7i4500
001 0000028905
005 20220105104043.0
008 100119
020 |a 1841481807 
090 0 0 |a JP   |b ENG 
100 1 |a Steinberg, Laya 
245 1 0 |a Thesaurus Rex   |c Laya Steinberg ; illustrated by Debbie Harter 
260 |a Massachusetts :   |b Barefoot Books ,   |c 2003 
500 |a Children age 4-6 years old (yellow) 
650 0 |a Dinosaurs   |x Fiction 
650 0 |a English language   |x Synonyms and anthonyms   |x Fiction 
650 0 |a Humorous stories 
650 0 |a Stories in rhyme 
700 1 |a Harter, Debbie 
999 |a 0001059824   |b Book   |c Children Collection   |e Perbadanan Perpustakaan Awam Johor 
999 |a 0001059826   |b Book   |c Children Collection   |e Cawangan Mersing